000 00293nam a22001337a 4500
008 170928b xxu||||| |||| 00| 0 eng d
020 _a9780312454135
041 _aeng
080 _28TH
_a37
100 _a47
101 _aEDU
245 _aWAYS OF READING
_cBARTHOLOMAE,D
942 _2udc
_cBK
999 _c30345
_d30345